<?xml version="1.0" encoding="UTF-8"?><?xml-stylesheet type="text/xsl" href="static/style.xsl"?><OAI-PMH xmlns="http://www.openarchives.org/OAI/2.0/" xmlns:xsi="http://www.w3.org/2001/XMLSchema-instance" xsi:schemaLocation="http://www.openarchives.org/OAI/2.0/ http://www.openarchives.org/OAI/2.0/OAI-PMH.xsd"><responseDate>2026-04-19T06:34:03Z</responseDate><request verb="GetRecord" identifier="oai:riubu.ubu.es:10259/10189" metadataPrefix="marc">https://riubu.ubu.es/oai/request</request><GetRecord><record><header><identifier>oai:riubu.ubu.es:10259/10189</identifier><datestamp>2026-01-09T23:42:23Z</datestamp><setSpec>com_10259_6171</setSpec><setSpec>com_10259_5086</setSpec><setSpec>com_10259_2604</setSpec><setSpec>col_10259_7105</setSpec></header><metadata><record xmlns="http://www.loc.gov/MARC21/slim" xmlns:doc="http://www.lyncode.com/xoai" xmlns:xsi="http://www.w3.org/2001/XMLSchema-instance" xmlns:dcterms="http://purl.org/dc/terms/" xsi:schemaLocation="http://www.loc.gov/MARC21/slim http://www.loc.gov/standards/marcxml/schema/MARC21slim.xsd">
<leader>00925njm 22002777a 4500</leader>
<datafield tag="042" ind1=" " ind2=" ">
<subfield code="a">dc</subfield>
</datafield>
<datafield tag="720" ind1=" " ind2=" ">
<subfield code="a">Skaf Revenga, Marta</subfield>
<subfield code="e">author</subfield>
</datafield>
<datafield tag="720" ind1=" " ind2=" ">
<subfield code="a">Espinosa González, Ana Belén</subfield>
<subfield code="e">author</subfield>
</datafield>
<datafield tag="720" ind1=" " ind2=" ">
<subfield code="a">Manso Morato, Javier</subfield>
<subfield code="e">author</subfield>
</datafield>
<datafield tag="720" ind1=" " ind2=" ">
<subfield code="a">Hurtado Alonso, Nerea</subfield>
<subfield code="e">author</subfield>
</datafield>
<datafield tag="720" ind1=" " ind2=" ">
<subfield code="a">Santamaría, Amaia</subfield>
<subfield code="e">author</subfield>
</datafield>
<datafield tag="720" ind1=" " ind2=" ">
<subfield code="a">Faleschini, Flora</subfield>
<subfield code="e">author</subfield>
</datafield>
<datafield tag="720" ind1=" " ind2=" ">
<subfield code="a">Ortega López, Vanesa</subfield>
<subfield code="e">author</subfield>
</datafield>
<datafield tag="260" ind1=" " ind2=" ">
<subfield code="c">2025-01</subfield>
</datafield>
<datafield tag="520" ind1=" " ind2=" ">
<subfield code="a">A lot of wind farms are nearing the end of their lifespan, and the residue generated by their wind turbine blades demands urgent attention. This&#xd;
study suggests a novel recycling process, where dismantled wind turbine blades&#xd;
are transformed into a raw material for concrete production. The process involves a pretreatment of raw cutting of the blade walls, without separating the&#xd;
components, crushing, and sieving. This results in a waste material that has&#xd;
been called Raw-Crushed Wind-Turbine Blade (RCWTB). In this research, the&#xd;
main characterizations of the residue were studied, as well as the potential of&#xd;
their components to serve as both fibers and aggregates in concrete. Moreover,&#xd;
to achieve suitable workability, a customized mixture design and a mixing procedure in five stages were developed for concrete containing up to 6%&#xd;
RCWTB. The main preliminary outcomes include that the addition of RCWTB&#xd;
improved flexural strength of concrete and reduced its carbon footprint. Although a slight decrease in compressive strength was observed, the results were&#xd;
suitable for construction purposes and this initial approach seems to provide a&#xd;
viable solution for recycling wind turbine blades.</subfield>
</datafield>
<datafield tag="024" ind2=" " ind1="8">
<subfield code="a">2366-2557</subfield>
</datafield>
<datafield tag="024" ind2=" " ind1="8">
<subfield code="a">http://hdl.handle.net/10259/10189</subfield>
</datafield>
<datafield tag="024" ind2=" " ind1="8">
<subfield code="a">10.1007/978-3-031-80724-4_28</subfield>
</datafield>
<datafield tag="024" ind2=" " ind1="8">
<subfield code="a">2366-2565</subfield>
</datafield>
<datafield ind1=" " ind2=" " tag="653">
<subfield code="a">Concrete</subfield>
</datafield>
<datafield ind1=" " ind2=" " tag="653">
<subfield code="a">Wind-turbine Blade</subfield>
</datafield>
<datafield ind1=" " ind2=" " tag="653">
<subfield code="a">Workability</subfield>
</datafield>
<datafield ind1=" " ind2=" " tag="653">
<subfield code="a">Design</subfield>
</datafield>
<datafield ind1=" " ind2=" " tag="653">
<subfield code="a">Mixing process</subfield>
</datafield>
<datafield tag="245" ind1="0" ind2="0">
<subfield code="a">Suitability of Raw-Crushed Wind-Turbine Blade for Use in Concrete Production</subfield>
</datafield>
</record></metadata></record></GetRecord></OAI-PMH>